Responses for Show #6907 - Tuesday, September 30, 2014

Contestants

[<< previous game]

Silvia Lesko, a director of religious education from Denton, Texas

Alex Champlin, a copywriter from Toronto, Ontario, Canada

Elisa Korb, a professor from Bethlehem, Pennsylvania (whose 1-day cash winnings total $26,400)

[next game >>]

Jeopardy! Round responses

COLLEGE FOOTBALL STADIUM NICKNAMES
FABRICS
SAME-LETTER SWAP
WHAT A FOSSIL!
A BLOODY BUSINESS
WHERE WOULD YOU FIND...
(Alex Trebek: And we'll give you certain words.)
    $200 26
Notre Dame

Silvia
    $200 18
flannel

Elisa
    $200 13
tattle

Alex
    $200 11
a footprint

Alex
    $200 1
(Silvia: What is the electric chair?)
...
(Alex Trebek: Yes. He was a Frenchman.)

the guillotine

AlexSilvia
    $200 6
a church

Elisa
    $400 27
(Elisa: What is Ole Miss?)
...
(Alex Trebek: What is [*], here in Los Angeles.)

the Coliseum

Elisa
Triple Stumper
    $400 19
Michigan

Silvia
    $400 14
nanny

Alex
    $400 12
thunder

Silvia
    $400 2
Scarsdale

Silvia
    $400 7
a train (locomotive)

Alex
    $600 28
[The end-of-round signal sounds.]
(Alex Trebek: And with that, you're back on the plus side. And you're in third place, which is where you were yesterday, and you picked first in Double Jeopardy!, and started a great run that wound up in a victory for you. So, we'll see what happens today, when we come back.)

the University of South Carolina

Elisa
    $600 20
sharkskin

Triple Stumper
    $600 15
a mummy

Silvia
    $600 23
sedimentary

Silvia
    $600 3
(Silvia: Who is Mary?)

Anne Boleyn

ElisaSilvia
    $600 8
the White House

Alex
    $800 21
velvet

Silvia
    $800 16
doodle

Alex
    $800 24
(Alex Trebek: Good, with less than a minute to go.)

a trilobite

Alex
    $800 4
(Elisa: What is a dentist's office?)

a barbershop

ElisaSilvia
    $800 9
your mouth

Alex
    $1000 22
(Alex Trebek: Bet you have some in your home. [*].)

percale

Triple Stumper
    $1000 17
a poppy

Silvia
    $1000 25
a screw

Triple Stumper
    $1000 5
William Wallace

Alex
    $1000 10
a telescope

Triple Stumper

Scores at the first commercial break (after clue 15):

Elisa Alex Silvia
$0 $3,800 $1,400

Scores at the end of the Jeopardy! Round:

Elisa Alex Silvia
$400 $5,400 $4,400

Double Jeopardy! Round responses

LIGHTHOUSES
SPACE STUFF
LAYING THINGS M TO M
THE PLAYS OF GEORGE BERNARD SHAW
ARMS AND THE MAN
(Alex Trebek: That's one of his plays.)
MRS. WARREN'S PROFESION
    $400 16
Oahu

Triple Stumper
    $400 9
Ursa Major

Alex
    $400 4
a magnum

Alex
    $400 1
(Alex Champlin: Who was Mary, Queen of Scots?)
...
(Alex Trebek: Who is [*]?--who was burned at the stake.)

Joan of Arc

Alex
Triple Stumper
    $400 14
(Alex Trebek: Yes, and you're smiling as you mentioned his name.)
(Elisa: Sorry.)
[Laughter.]

Hugh Jackman

Elisa
    $400 3
Massachusetts

Alex
    $800 17
Lake Pontchartrain

Alex
    $800 10
(Alex Champlin: What is the Apollo?)

Atlantis

AlexSilvia
    $800 5
mausoleum

Elisa
    $800 2
World War I

Triple Stumper
    $800 15
(Alex Trebek: L.A. Clipper [*].)

Blake Griffin

Triple Stumper
    $800 13
(Alex Champlin: What is Social Security?)

Pensions

ElisaAlex
    $5 26
the Chesapeake Bay

Alex
    $1200 11
a blood moon

Elisa
    $1200 6
a milligram

Alex
    $1200 12
Eliza Doolittle

Elisa
    $1200 19
Chris Hemsworth

Elisa
    $1200 23
TARP

Alex
    $1600 27
the Red Sea

Elisa
    $1600 18
the Hale-Bopp comet

Elisa
    $1600 7
mayhem

Silvia
    $1600 20
Chuck Norris

Silvia
    $1600 24
(Silvia: What is Chapter 13?)

Chapter 11

AlexSilvia
    $2000 28
[The end-of-round signal sounds.]

the Bay of Biscay

Elisa
    $2000 22
Io

Alex
    $2000 8
momentum

Alex
    $2000 21
Johnny Depp

Alex
    $2000 25
the Consumer Financial Protection Bureau

Triple Stumper

Scores at the end of the Double Jeopardy! Round:

Elisa Alex Silvia
$11,200 $15,405 $6,800

[wagering suggestions for these scores]

Final Jeopardy! Round responses

WORLD LEADERS
(Alex Trebek: [To Alex Champlin] No, a very negative figure in world history, [*].)
SilviaWho is Stalin
$5,800
ElisaWho was Harry Truman
$500
AlexWho is Winston Churchill
$7,000
Adolf Hitler

Final scores:

Elisa Alex Silvia
$10,700 $8,405 $1,000
2-day champion: $37,100 2nd place: $2,000 3rd place: $1,000

Game dynamics:

Coryat scores:

Elisa Alex Silvia
$11,200 $16,600 $6,800
13 R,
2 W
21 R
(including 1 DD),
3 W
12 R
(including 1 DD),
3 W

Combined Coryat: $34,600

[game clues] [game scores] [suggest correction]

Game tape date: 2014-07-29
The J! Archive is created by fans, for fans. Scraping, republication, monetization, and malicious use prohibited; this site may use cookies and collect identifying information. See terms. The Jeopardy! game show and all elements thereof, including but not limited to copyright and trademark thereto, are the property of Jeopardy Productions, Inc. and are protected under law. This website is not affiliated with, sponsored by, or operated by Jeopardy Productions, Inc. Join the discussion at JBoard.tv.